La pesca y sus externalidades (Registro nro. 22749)

Detalles MARC
000 -LEADER
fixed length control field 00350 a2200121 4500
001 - CONTROL NUMBER
control field ART_6402
005 - DATE AND TIME OF LATEST TRANSACTION
control field 20260410161825.0
008 - FIXED-LENGTH DATA ELEMENTS--GENERAL INFORMATION
fixed length control field 260409a
100 1# - MAIN ENTRY--PERSONAL NAME
Personal name Errazti, Elizabeth
245 10 - TITLE STATEMENT
Title La pesca y sus externalidades
700 1# - ADDED ENTRY--PERSONAL NAME
Personal name Gualdoni, Patricia Alejandra
773 0# - HOST ITEM ENTRY
Title FACES
Related parts - Año 7, Nº 12 (set./dic. 2001)
Record control number REV5046

No hay ítems disponibles.